Statistics for Challenging Movie Quiz #6

Click here to take the quiz!

General Stats

  • This quiz has been taken 70 times
  • The average score is 7 of 16

Answer Stats

QuestionsAnswers% Correct
Complete the title of the film: One Flew Over The...Cuckoo's Nest
89%
Reservoir Dogs was the debut feature film for which DirectorQuentin Tarantino
74%
'The Dude' is main character in which Cohen Brothers filmThe Big Lebowski
66%
What film finally won Leonardo DiCaprio his Best Actor OscarThe Revenant
65%
Which Steven Spielberg film is often credited for "inventing the summer blockbuster"Jaws
63%
In which film does Michael J Fox suddenly become better at Basketball after a physical changeTeen Wolf
58%
Alex DeLarge and his gang of Droogs roam the streets of futuristic dystopian London in which filmA Clockwork Orange
52%
Which British Director was responsible for directing Trainspotting and Slumdog MillionaireDanny Boyle
49%
"I coulda been a contender. I coulda been somebody, instead of a bum, which is what I am" is a quote from which Marlon Brando classicOn The Waterfront
48%
Who is the only woman to win a record 4 Best Actress OscarsKatharine Hepburn
45%
Which Star Trek actor was the voice of Galvatron in the 1986 Transformers filmLeonard Nimoy
37%
Who was once described as a "Scruffy-looking Nerf-herder"Han Solo
31%
What was the first Fast and Furious film to star Dwayne 'The Rock' JohnsonFast 5
29%
Which classic Hollywood actress is the first to grace Andy Dufresne prison cell wall in the Shawshank RedemptionRita Hayworth
26%
What 2013 low-budget Sci-Fi film based in Scotland stars Scarlett JohanssenUnder The Skin
14%
What 1958 Akira Kurosawa film heavily influenced Star WarsThe Hidden Fortress
3%

Score Distribution

Percentile by Number Answered

Percent of People with Each Score

Your Score History

You have not taken this quiz